00281nam a2200121Ia 4500008004100000041001200041082001000053100001500063245004800078250000900126260001600135650000800151221030s9999 xx 000 0 und d aEnglish a105.6 aVivek /365 0aSpeech Compression Using LpccVikram/368 a2010 aJammuc2014 aECE